Gaming Quiz

Random Gaming or Nintendo Quiz

Kirby's Avalanche Opponents Quiz Stats

 Plays Quiz not verified by Sporcle

Score 0/16 Timer 05:00
0 Plays Today
Level Opponent % Correct
Stage 13King Dedede
89.8%
Lesson 1Waddle Dee
88.1%
Stage 12Meta Knight
84.7%
Lesson 3Waddle Doo
82.2%
Stage 2Whispy Woods
82.2%
Stage 11Kracko
76.3%
Stage 6Lololo and Lalala
72.9%
Lesson 2Bronto Burt
68.6%
Level Opponent % Correct
Stage 1Poppy Bros. Senior
62.7%
Stage 8Paint Roller
62.7%
Stage 3Kabu
59.3%
Stage 5Squishy
55.9%
Stage 10Mr. Shine and Mr. Bright
55.9%
Stage 9Heavy Mole
53.4%
Stage 4Broom Hatter
48.3%
Stage 7Bugzzy
44.9%

You're not logged in!

Compare scores with friends on all Sporcle quizzes.
OR
Log In

Show Comments

Extras

Top Quizzes Today


Score Distribution

Your Account Isn't Verified!

In order to create a playlist on Sporcle, you need to verify the email address you used during registration. Go to your Sporcle Settings to finish the process.

Report this User

Report this user for behavior that violates our Community Guidelines.

Details: